| 000 | 00398nam a2200169Ia 4500 | ||
|---|---|---|---|
| 008 | 151213s9999 xx 000 0 und d | ||
| 020 | _a984-843061-x | ||
| 100 | _aGazi Shasur Rahman | ||
| 245 |
_aMinor Acts _cGazi Shasur Rahman |
||
| 250 | _a1st | ||
| 260 |
_aDhaka _bKamrul Book _c2005 |
||
| 300 | _a4635 p. | ||
| 650 | _aLaw | ||
| 650 | _aLaw | ||
| 700 | _aGazi Shasur Rahman | ||
| 999 |
_c2985 _d2985 |
||